000 00870cab a2200253 4500
001 ABS51667
008 090401t1994 xxu||||| |||| 00| 0 eng d
035 _a(Sirsi) u38509
041 _aeng
100 _aElliott, T.
245 _aDragged into the fray
260 _c1994
350 _a0
490 _aBuilding
_v259(7868) 11 November 1994, 31(1)
520 _aDiscusses "M J Gleeson Group plc v Whyatt of Snetterton Ltd" CA 12/10/94 where a subcontractor in dispute with a main contractor can be drawn into joint proceedings with the employer against its will.
650 _aICE FORMS OF CONTRACT
650 _aJCT FORMS OF CONTRACT
650 _aJOINT PROCEEDINGS
650 _aM J GLEESON GROUP PLC V WYATT OF SNETTERTON LTD
650 _aSUBCONTRACTORS
690 _aBUILT ENVIRONMENT-BUILDING CONTRACT FORMS
942 _n0
948 _c04/03/1997
999 _c24752
_d24752